Statistics for Historical Females

Click here to take the quiz!

General Stats

  • This quiz has been taken 47 times
  • The average score is 13 of 33

Answer Stats

SheDid% Correct
Marie CurieDiscovered radiation
94%
Amelia EarhartAviation pioneer
89%
Jane AustenPride and Prejudice
89%
Margaret ThatcherThe original Iron Lady
87%
Mary ShelleyFrankenstein
85%
Indira GandhiIndia's third prime minister
79%
Golda MeirIron Lady of Israeli politics
72%
Florence NightingaleThe Lady with the Lamp
70%
Harriet TubmanThe Underground Railroad
62%
Jane GoodallChimpanzee scientist
62%
Malala YousafzaiPakistani human rights advocate who was shot in the head by the Taliban
49%
Maya AngelouI Know Why the Caged Bird Sings
49%
SacagaweaGuided Lewis and Clark through the Pacific Northwest
47%
Laura Ingalls WilderLittle House on the Prairie
45%
Sally RideFirst American woman in space
40%
Annie OakleySharpshooter
38%
Clara BartonRed Cross
36%
Rachel CarsonSilent Spring
32%
Ada LovelaceMother of computer programming
28%
Betty FriedanThe Feminine Mystique
28%
Margaret SangerPlanned Parenthood and birth control
28%
Maria MontessoriPioneer in experience-centered education
26%
Grandma MosesBegan art career at age 78
15%
Ruth Bader Ginsburg"I dissent"
15%
Cleopatra"Give me my robe, put on my crown; I have Immortal longings in me."
13%
Greta Thunberg"I want you to act as if the house is on fire, because it is."
13%
Lucille Ball"I'm not funny. What I am is brave."
13%
Sojourner Truth"Ain't I a Woman?"
11%
Nellie BlyExposed insane asylums in the 19th Century
9%
Temple GrandinHumane treatment of livestock
6%
Elizabeth WarrenNevertheless, she persisted.
4%
Ida TarbellExposed John D. Rockefeller and Standard Oil
2%
Sheryl SandbergLean In
2%

Score Distribution

Percentile by Number Answered

Percent of People with Each Score

Your Score History

You have not taken this quiz